<?xml version="1.0" encoding="UTF-8"?>
<record
    xmlns:xsi="http://www.w3.org/2001/XMLSchema-instance"
    xsi:schemaLocation="http://www.loc.gov/MARC21/slim http://www.loc.gov/standards/marcxml/schema/MARC21slim.xsd"
    xmlns="http://www.loc.gov/MARC21/slim">

  <leader>00751naa a2200169 i 4500</leader>
  <controlfield tag="001">9300</controlfield>
  <controlfield tag="003">KOSZ 005</controlfield>
  <controlfield tag="005">20180323104524.0</controlfield>
  <controlfield tag="008">151123s2009    pl  n  f     |000  0pol</controlfield>
  <datafield tag="040" ind1=" " ind2=" ">
    <subfield code="c">BPK</subfield>
    <subfield code="d">KOSZ 005/EG</subfield>
  </datafield>
  <datafield tag="100" ind1="1" ind2=" ">
    <subfield code="a">SKRZYPNIAK, Ryszard.</subfield>
    <subfield code="d">1996 - .</subfield>
    <subfield code="b">Politechnika Koszali&#x144;ska - Wydzia&#x142; Mechaniczny,</subfield>
    <subfield code="c">Katedra Nauk Pedagogicznych</subfield>
  </datafield>
  <datafield tag="245" ind1="1" ind2="0">
    <subfield code="a">Zbiory warto&#x15B;ci nauczycieli ze zr&#xF3;&#x17C;nicowanych poziom&#xF3;w edukacyjnych /</subfield>
    <subfield code="c">Ryszard Skrzypniak.</subfield>
  </datafield>
  <datafield tag="650" ind1=" " ind2="0">
    <subfield code="a">Nauczanie.</subfield>
  </datafield>
  <datafield tag="650" ind1=" " ind2="0">
    <subfield code="a">Edukacja.</subfield>
  </datafield>
  <datafield tag="773" ind1="0" ind2=" ">
    <subfield code="i">W :</subfield>
    <subfield code="t">Edukacyjne zagro&#x17C;enia i wyzwania m&#x142;odego pokolenia. 3 / Agnieszka Czajkowska, Wies&#x142;aw Otwinowski (red. nauk.). -</subfield>
    <subfield code="d">Pozna&#x144; : Wydawnictwo Wy&#x17C;szej Szko&#x142;y Bezpiecze&#x144;stwa, 2009. -</subfield>
    <subfield code="g">s. 232-238</subfield>
  </datafield>
  <datafield tag="942" ind1=" " ind2=" ">
    <subfield code="c">ROZ</subfield>
    <subfield code="2">UKD</subfield>
  </datafield>
  <datafield tag="999" ind1=" " ind2=" ">
    <subfield code="c">9300</subfield>
    <subfield code="d">9300</subfield>
  </datafield>
</record>
